[Event "Another KO"]
[Site "SchemingMind.com"]
[Date "2012.06.22"]
[Round "-"]
[White "Lastcafe"]
[Black "NYNH"]
[Result "1-0"]
[WhiteCountry "THA"]
[BlackCountry "USA"]
[WhiteElo "2026"]
[WhiteRD "89"]
[BlackElo "2015"]
[BlackRD "65"]
[GameID "312600"]

1. d4 Nf6 2. Bf4 d6 3. Nf3 Nbd7 4. h3 g6 5. c4 Bg7 6. Nc3 O-O 7. e3 b6 8. Be2 Bb7 9. O-O Ne4 10. Nxe4 Bxe4
11. Bh2 c5 12. Rc1 Rc8 13. a3 cxd4 14. exd4 Nb8 15. Bf4 Nc6 16. d5 Bxb2 17. dxc6 Bxc1 18. Bxc1 Rxc6 19. Bh6 Bxf3 20. Bxf3 Rxc4
21. Bd5 Rc5 22. f4 e6 23. Qd4 f6 24. Bxe6+ Kh8 25. Bxf8 Qxf8 26. Rd1 d5 27. Bxd5 Kg7 28. Be6 Rc7 29. a4 Qe8 30. f5 g5
31. h4 h6 32. hxg5 hxg5 33. Qd6 Re7 34. Rc1 Kh8 35. Rc8
1-0

[Event "Another KO"]
[Site "SchemingMind.com"]
[Date "2012.06.22"]
[Round "-"]
[White "NYNH"]
[Black "Lastcafe"]
[Result "0-1"]
[WhiteCountry "USA"]
[BlackCountry "THA"]
[WhiteElo "2015"]
[WhiteRD "65"]
[BlackElo "2026"]
[BlackRD "89"]
[GameID "312602"]

1. d4 d5 2. Nf3 Nf6 3. c4 c6 4. cxd5 cxd5 5. Nc3 Nc6 6. Bf4 Bf5 7. Rc1 a6 8. e3 Rc8 9. Qb3 Na5 10. Qd1 Nc6
11. Be2 e6 12. O-O Bd6 13. Bg3 O-O 14. Bxd6 Qxd6 15. Na4 Nd7 16. Nc5 Nxc5 17. dxc5 Qe7 18. Nd4 Be4 19. Nxc6 Rxc6 20. b4 Rd8
21. Bd3 Bxd3 22. Qxd3 g6 23. e4 d4 24. e5 a5 25. a3 axb4 26. axb4 b6 27. cxb6 Rxb6 28. Rfd1 Rxb4 29. Rc4 Rxc4 30. Qxc4 Qg5
31. Qe2 Qf5 32. g3 g5 33. Kg2 g4 34. Rd3 Rd5 35. Qd1 h5 36. Rxd4 Qf3+
0-1

[Event "Another KO"]
[Site "SchemingMind.com"]
[Date "2012.06.26"]
[Round "-"]
[White "Aadsje"]
[Black "private napoleon"]
[Result "1-0"]
[WhiteCountry "NED"]
[BlackCountry "ENG"]
[WhiteElo "2235"]
[WhiteRD "63"]
[BlackElo "1705"]
[BlackRD "69"]
[GameID "312848"]

1. d4 g6 2. Nc3 Bg7 3. e4 d6 4. Be3 Nc6 5. f4 e6 6. Bf2 Nge7 7. a3 O-O 8. Nf3 d5 9. e5 Bd7 10. g4 a6
11. h4 b5 12. h5 gxh5 13. Rxh5 Ng6 14. Qd2 Nce7 15. Bd3 f5 16. exf6 Rxf6 17. Ne2 Qc8 18. Ng5 h6 19. Nf3 c5 20. dxc5 Qc7
21. Bd4 Rxf4 22. Bxg7 Kxg7 23. O-O-O Rxf3 24. Qxh6+ Kf6 25. g5+ Ke5 26. Qg7+
1-0

[Event "Another KO"]
[Site "SchemingMind.com"]
[Date "2012.06.26"]
[Round "-"]
[White "private napoleon"]
[Black "Aadsje"]
[Result "0-1"]
[WhiteCountry "ENG"]
[BlackCountry "NED"]
[WhiteElo "1705"]
[WhiteRD "69"]
[BlackElo "2235"]
[BlackRD "63"]
[GameID "312852"]

1. e4 c5 2. Nf3 Nc6 3. d4 cxd4 4. Nxd4 Nf6 5. Nc3 d6 6. Be3 e5 7. Nb3 Be6 8. Bb5 d5 9. exd5 Nxd5 10. O-O Nxe3
11. fxe3 Qc7 12. Nd5 Qd6 13. e4 Rd8 14. Qf3 a6 15. Be2 Ne7 16. Rad1 Nxd5 17. exd5 Bxd5 18. Qf2 Qc7 19. Kh1 h5 20. Bd3 Rh6
21. c4 Rf6 22. Qe2 Rxf1+ 23. Rxf1 Be6 24. Nd2 Qd6 25. Rf3 Bg4 26. Ne4 Qd4
0-1

[Event "Another KO"]
[Site "SchemingMind.com"]
[Date "2012.07.02"]
[Round "-"]
[White "e_safarz"]
[Black "spoke"]
[Result "1-0"]
[WhiteCountry "CAN"]
[BlackCountry "GER"]
[WhiteElo "2453"]
[WhiteRD "69"]
[BlackElo "1880"]
[BlackRD "70"]
[GameID "313055"]

1. d4 d5 2. Nf3 Nf6 3. c4 e6 4. Nc3 Be7 5. cxd5 Nxd5 6. e4 Nf6 7. Bb5+ Bd7 8. Bc4 c5 9. e5 Nd5 10. Nxd5 exd5
11. Bxd5 Nc6 12. dxc5 Bxc5 13. Bxf7+ Kxf7 14. Qd5+
1-0

[Event "Another KO"]
[Site "SchemingMind.com"]
[Date "2012.07.02"]
[Round "-"]
[White "spoke"]
[Black "e_safarz"]
[Result "0-1"]
[WhiteCountry "GER"]
[BlackCountry "CAN"]
[WhiteElo "1880"]
[WhiteRD "70"]
[BlackElo "2453"]
[BlackRD "69"]
[GameID "313059"]

1. e4 c5 2. Nf3 d6 3. d4 cxd4 4. Nxd4 Nf6 5. Nc3 a6 6. f4 e5 7. Nf3 Nbd7 8. a4 Be7 9. Bd3 O-O 10. O-O Nc5
11. Kh1 exf4 12. Bxf4 Bg4 13. Qe1 Re8 14. e5 Nxd3 15. cxd3 Bxf3 16. Rxf3 dxe5 17. Qxe5 Ba3
0-1

[Event "Another KO"]
[Site "SchemingMind.com"]
[Date "2012.07.03"]
[Round "-"]
[White "smothered mate"]
[Black "Louis Lima"]
[Result "1-0"]
[WhiteCountry "POL"]
[BlackCountry "ESP"]
[WhiteElo "1999"]
[WhiteRD "63"]
[BlackElo "1880"]
[BlackRD "93"]
[GameID "313153"]

1. e4 e6 2. d4 d5 3. e5 c5 4. c3 Nc6 5. Nf3 Bd7 6. Be2 Nge7 7. h4 cxd4 8. cxd4 Qb6 9. Nc3 Nf5 10. Na4 Qa5+
11. Bd2 Bb4 12. Bc3 Ncxd4 13. Nxd4 Bxa4 14. Qd2 Nxd4 15. Qxd4 Bxc3+ 16. bxc3 Bb5 17. Qc5 a6 18. Rb1 b6 19. Rxb5 axb5= 20. Bxb5+ Kd8
21. Qd6+ Kc8 22. Qc6+ Kb8 23. Qd6+ Kc8 24. Bd7+ Kb7 25. Bc6+ Ka6 26. O-O Qxc3 27. Rb1
1-0

[Event "Another KO"]
[Site "SchemingMind.com"]
[Date "2012.07.03"]
[Round "-"]
[White "Louis Lima"]
[Black "smothered mate"]
[Result "1/2-1/2"]
[WhiteCountry "ESP"]
[BlackCountry "POL"]
[WhiteElo "1880"]
[WhiteRD "93"]
[BlackElo "1999"]
[BlackRD "63"]
[GameID "313161"]

1. e4 c5 2. Nf3 d6 3. Bb5+ Bd7 4. Bxd7+ Nxd7 5. O-O Ngf6 6. Qe2 e5 7. c3 Be7 8. d4 cxd4 9. cxd4 O-O 10. Nc3 Rc8
11. Rd1 Qb6 12. Bg5 h6 13. Bxf6 Bxf6 14. Nd5 Qd8 15. Nxf6+ Qxf6 16. dxe5= Nxe5 17. Nxe5 dxe5 18. Rd7 Qc6 19. Rad1 Rfe8 20. h3 Rc7
21. Qd3 Rec8 22. Qd5 Qxd5 23. R1xd5 f6 24. Rxc7 Rxc7 25. Rd2 Kf7 26. f3 Ke6 27. Kf2 Rc1 28. Ke3 Rc6 29. a3 Rb6 30. b4 Rc6
31. Rd3 Rc2 32. Rd2 Rc3+ 33. Rd3 Rc2 34. Rd2 Rc3+=
1/2-1/2

[Event "Another KO"]
[Site "SchemingMind.com"]
[Date "2012.07.14"]
[Round "-"]
[White "gmash"]
[Black "Scooter"]
[Result "0-1"]
[WhiteCountry "ENG"]
[BlackCountry "USA"]
[WhiteElo "1618"]
[WhiteRD "104"]
[BlackElo "1779"]
[BlackRD "47"]
[GameID "314224"]

1. e4 c6 2. d4 d5 3. exd5 cxd5 4. c4 Nf6 5. Nc3 Nc6 6. Bg5 e6 7. Nf3 Be7 8. c5 O-O 9. Bb5 Bd7 10. Bxc6 Bxc6
11. Ne5 Qc7 12. O-O Rfe8 13. Rc1 Nd7 14. Bf4 b6 15. b4 Nxe5 16. Bxe5 Qd8 17. Qg4 Bf6 18. Rfe1 bxc5 19. bxc5 Bxe5 20. Rxe5 Qf6
21. Ne2 Rab8 22. Nf4 Qh6 23. a3 Rb7 24. Rce1 Reb8 25. h4 Rb1 26. g3 Bd7 27. Nh5 Rxe1+ 28. Rxe1 Qg6 29. Qf3 Rb1 30. Rxb1 Qxb1+
31. Kg2 Qe4 32. Qxe4 dxe4 33. Nf4 h6 34. Ne2 f5 35. Nf4 Kf7 36. Kf1 g5 37. hxg5 hxg5 38. Ng2 Bc6 39. Ne3 Bd5 40. Ke2 Ke7
41. Kd2 Kd7 42. Kc3 Kc6 43. Kb4 f4 44. gxf4 gxf4 45. Nd1 Ba2 46. Nc3 e3 47. fxe3 f3 48. Ne4 Bd5 49. Nf2 a6 50. Ka5 Bc4
51. e4 e5 52. Kb4 Bf7 53. d5+ Bxd5 54. exd5+ Kxd5 55. Nd3 e4 56. Nf4+ Kc6
0-1

[Event "Another KO"]
[Site "SchemingMind.com"]
[Date "2012.07.17"]
[Round "-"]
[White "Scooter"]
[Black "gmash"]
[Result "1/2-1/2"]
[WhiteCountry "USA"]
[BlackCountry "ENG"]
[WhiteElo "1806"]
[WhiteRD "47"]
[BlackElo "1674"]
[BlackRD "109"]
[GameID "314229"]

1. d4 f5 2. Nf3 Nf6 3. Bf4 g6 4. h3 Bg7 5. e3 O-O 6. Be2 d6 7. O-O b6 8. Nbd2 Nbd7 9. c4 c5 10. Re1 Bb7
11. b3 Rc8 12. Ng5 Qe8 13. Ne6 Rf7 14. d5 Bh8 15. Nf3 Ne4 16. Rc1 Nf8 17. Nfg5 Nxg5 18. Nxg5 Rg7 19. e4 e5 20. dxe6 Nxe6
21. Nxe6 Qxe6 22. exf5 Qe4 23. Bf3 Qxf4 24. Bxb7 Rd8 25. Bd5+ Kf8 26. fxg6 Rxg6 27. Re3 Qg5 28. Rf3+ Bf6 29. Rg3 Qh6 30. Rxg6 Qxg6
31. Qf3 Rd7 32. Re1 Re7 33. Rxe7 Kxe7 34. Qe4+ Kf8 35. Qe6 Qb1+ 36. Kh2 Be5+ 37. g3 Qg6 38. Qc8+ Qe8 39. Qxe8+ Kxe8 40. f4 Bc3
41. f5 h6 42. h4 Ke7 43. g4 Kf6 44. a4 h5 45. Kh3 hxg4+ 46. Kxg4 Bd2 47. Be6 Bh6 48. Bd7 a5 49. Kf3 Ke5 50. Kg4 Kf6=
1/2-1/2

[Event "Another KO"]
[Site "SchemingMind.com"]
[Date "2012.07.22"]
[Round "-"]
[White "emvarela"]
[Black "lennart"]
[Result "1-0"]
[WhiteCountry "ARG"]
[BlackCountry "SWE"]
[WhiteElo "1743"]
[WhiteRD "46"]
[BlackElo "1511"]
[BlackRD "56"]
[GameID "314767"]

1. e4 e5 2. Nf3 Nc6 3. d4 exd4 4. c3 dxc3 5. Bc4 cxb2 6. Bxb2 Nb4 7. Qb3 d5 8. exd5 a5 9. O-O a4 10. Re1+ Be7
11. Qxb4 Nf6 12. Ba3 Qd6 13. Qxd6
1-0

[Event "Another KO"]
[Site "SchemingMind.com"]
[Date "2012.07.21"]
[Round "-"]
[White "lennart"]
[Black "emvarela"]
[Result "0-1"]
[WhiteCountry "SWE"]
[BlackCountry "ARG"]
[WhiteElo "1471"]
[WhiteRD "55"]
[BlackElo "1746"]
[BlackRD "46"]
[GameID "314775"]

1. e4 e5 2. Nc3 Nf6 3. Nf3 Nc6 4. h3 Bc5 5. Bc4 O-O 6. a3 d6 7. O-O a6 8. b4 Bd4 9. Nxd4 Nxd4 10. Rb1 b5
11. Ba2 Bb7 12. f3 c5 13. bxc5 dxc5 14. d3 Nh5 15. Kh2 Qh4 16. Ne2 Nxe2 17. Qxe2 Ng3 18. Qf2 Nxf1+ 19. Qxf1 g6 20. c4 Bc6
21. Be3 Qe7 22. Qf2 Rfc8 23. Bxc5 Qd7 24. Rd1 bxc4 25. Bxc4 Bb5 26. Bd5 Bc6 27. Ba2 Rab8 28. Rd2 Bb5 29. d4 exd4 30. Rxd4 Qe8
31. Bd6 Rb7 32. e5 Bd7 33. Rf4 Be6 34. Qd2 Bxa2 35. Qxa2 Qe6 36. Qe2 Rc6 37. Re4 f5 38. Rd4 Rd7 39. f4 Rcxd6
0-1

[Event "Another KO"]
[Site "SchemingMind.com"]
[Date "2012.09.02"]
[Round "-"]
[White "baron1"]
[Black "John Galvin"]
[Result "1-0"]
[WhiteCountry "ENG"]
[BlackCountry "USA"]
[WhiteElo "2415"]
[WhiteRD "103"]
[BlackElo "2332"]
[BlackRD "68"]
[GameID "316893"]

1. d4 Nf6 2. c4 g6 3. Nc3 d5 4. cxd5 Nxd5 5. e4 Nxc3 6. bxc3 Bg7 7. Nf3 O-O 8. Be2 b6 9. O-O c5 10. Bg5 Bb7
11. Qd3 Ba6 12. Qc2 Bxe2 13. Qxe2 Nc6 14. d5 Ne5 15. Nxe5 Bxe5 16. Qe3 Qc7 17. Bh6 Bg7 18. Bxg7 Kxg7 19. Rad1 f6 20. c4 Rab8
21. a4 a6 22. Rb1 Qd7 23. Qb3 e6 24. Rfe1 Rfe8 25. h3 Kg8 26. h4 Kf7 27. Qg3 Rb7 28. Qf4 Qxa4 29. h5 Kg7 30. e5 f5
31. d6 b5 32. Qh4 b4 33. hxg6 hxg6 34. Qf6+ Kh7 35. Re3 Rg7 36. Rh3+ Kg8 37. Rh6 g5 38. Kh2
1-0

[Event "Another KO"]
[Site "SchemingMind.com"]
[Date "2012.09.02"]
[Round "-"]
[White "John Galvin"]
[Black "baron1"]
[Result "0-1"]
[WhiteCountry "USA"]
[BlackCountry "ENG"]
[WhiteElo "2314"]
[WhiteRD "69"]
[BlackElo "2440"]
[BlackRD "101"]
[GameID "316898"]

1. e4 Nf6 2. e5 Nd5 3. d4 d6 4. Nf3 Bg4 5. Be2 e6 6. c4 Nb6 7. O-O Be7 8. Nc3 O-O 9. exd6 cxd6 10. h3 Bh5
11. Re1 Bf6 12. Ne4 Be7 13. Ng3 Bg6 14. Qb3 a5 15. Be3 a4 16. Qb5 N8d7 17. Bf4 Nb8 18. Be3 N8d7 19. Qb4 h6 20. Rac1 Re8
21. Nd2 Qc7 22. Nb1 d5 23. c5 Nc4 24. Bxc4 dxc4 25. Qxc4 Qc6 26. Nc3 Nb6 27. Qb4 Nd7 28. Nge2 Nf6 29. Qc4 Nd5 30. Nxd5 exd5
31. Qb4 Bd8 32. Nc3 Ba5 33. Qa3 b6 34. Red1 b5 35. Bd2 Bf5 36. b4 axb3 37. Qxb3 Bxc3 38. Rxc3 Ra4 39. Qb2 Re4 40. Be3 Qg6
41. Kh2 Rh4 42. f3 Qh5 43. c6 Bxh3 44. Bf2 Bxg2+ 45. Bxh4 Bxf3 46. Rxf3 Qxf3 47. Re1 Rc4= 48. Qg2 Qh5 49. Re8+ Kh7 50. Re7 Qxh4+
0-1

[Event "Another KO"]
[Site "SchemingMind.com"]
[Date "2012.09.18"]
[Round "-"]
[White "smothered mate"]
[Black "emvarela"]
[Result "1-0"]
[WhiteCountry "POL"]
[BlackCountry "ARG"]
[WhiteElo "2034"]
[WhiteRD "62"]
[BlackElo "1717"]
[BlackRD "50"]
[GameID "317908"]

1. e4 e5 2. Nc3 Nf6 3. f4 d5 4. fxe5 Nxe4 5. Nf3 Be7 6. Qe2 Nxc3 7. bxc3 O-O 8. d4 Bg4 9. Be3 Bxf3 10. Qxf3 c6
11. Bd3 Nd7 12. O-O c5 13. Qh3 g6 14. Bh6 Re8 15. Qf3 f6 16. Qxd5+
1-0

[Event "Another KO"]
[Site "SchemingMind.com"]
[Date "2012.09.19"]
[Round "-"]
[White "emvarela"]
[Black "smothered mate"]
[Result "0-1"]
[WhiteCountry "ARG"]
[BlackCountry "POL"]
[WhiteElo "1717"]
[WhiteRD "50"]
[BlackElo "2034"]
[BlackRD "62"]
[GameID "317912"]

1. e4 Nf6 2. e5 Nd5 3. d4 d6 4. Nf3 c5 5. c3 Nc6 6. Bc4 Nb6 7. Bxf7+ Kxf7 8. Ng5+ Kg8 9. Qh5 g6 10. Qf3 Qe8
11. dxc5 Nxe5 12. Qe4 Bf5 13. Qh4 Nd3+ 14. Ke2 Qb5 15. c4 Nxc4 16. Nc3 Nxc1+ 17. Raxc1 Qxb2+
0-1

[Event "Another KO"]
[Site "SchemingMind.com"]
[Date "2012.10.10"]
[Round "-"]
[White "Scooter"]
[Black "Lastcafe"]
[Result "0-1"]
[WhiteCountry "USA"]
[BlackCountry "THA"]
[WhiteElo "1779"]
[WhiteRD "47"]
[BlackElo "2098"]
[BlackRD "82"]
[GameID "319040"]

1. d4 Nf6 2. Nf3 d5 3. Bf4 e6 4. h3 Bd6 5. Bxd6 cxd6 6. c3 Nc6 7. e3 O-O 8. Bb5 e5 9. Bxc6 bxc6 10. O-O Ba6
11. Re1 e4 12. Nfd2 Bd3 13. f3 c5 14. fxe4 dxe4 15. Nb3 Qb6 16. dxc5 dxc5 17. Qd2 Rfb8 18. Na3 c4 19. Nc1 Qxb2 20. Qxb2 Rxb2
21. Nxd3 cxd3
0-1

[Event "Another KO"]
[Site "SchemingMind.com"]
[Date "2012.10.10"]
[Round "-"]
[White "Lastcafe"]
[Black "Scooter"]
[Result "1-0"]
[WhiteCountry "THA"]
[BlackCountry "USA"]
[WhiteElo "2098"]
[WhiteRD "82"]
[BlackElo "1779"]
[BlackRD "47"]
[GameID "319042"]

1. e4 c6 2. c4 d5 3. exd5 cxd5 4. d4 Nf6 5. Nc3 e6 6. Nf3 Bb4 7. cxd5 Nxd5 8. Bd2 O-O 9. Bd3 a6 10. a3 Bxc3
11. bxc3 b5 12. a4 bxa4 13. O-O Bd7 14. Qc2 Qc7 15. Bxh7+ Kh8 16. Qe4 Nf6 17. Qh4
1-0

[Event "Another KO"]
[Site "SchemingMind.com"]
[Date "2012.12.15"]
[Round "-"]
[White "smothered mate"]
[Black "baron1"]
[Result "1/2-1/2"]
[WhiteCountry "POL"]
[BlackCountry "ENG"]
[WhiteElo "2022"]
[WhiteRD "58"]
[BlackElo "2418"]
[BlackRD "97"]
[GameID "322843"]

1. e4 c6 2. d4 d5 3. exd5 cxd5 4. c4 Nf6 5. Nc3 Nc6 6. Bg5 e6 7. Nf3 Be7 8. c5 O-O 9. Bb5 Ne4 10. Bxe7 Nxe7
11. Rc1 b6 12. c6 Nd6 13. O-O Nxb5 14. Nxb5 a6 15. Qa4 f6 16. Qa3 Nxc6 17. Rxc6 Bd7 18. Nc7 Bxc6 19. Nxa8 Bxa8 20. Qxa6 Qc7
21. Qe2 Re8 22. b3 e5 23. Re1 e4 24. Nh4 g6 25. g3 Qc3 26. Rd1 Rc8 27. Qg4 Qc6 28. Nf5 Rc7 29. Ne3 Qd6 30. Qe2 Bb7
31. Qb5 Kg7 32. a4 f5 33. a5 bxa5 34. Qxa5 f4 35. Ng4 e3 36. Ne5 exf2+ 37. Kxf2 Rc2+ 38. Kg1 fxg3 39. hxg3 Ba6 40. Qa4 Qf6
41. Qd7+ Kf8 42. Ng4 Qe7 43. Qxd5 Bb7 44. Rf1+ Kg7 45. Qe5+ Qxe5 46. Nxe5 Rg2+ 47. Kh1 Rxg3+ 48. Kh2 Rxb3 49. Rf7+ Kh6 50. Rd7 Bc8=
1/2-1/2

[Event "Another KO"]
[Site "SchemingMind.com"]
[Date "2012.12.15"]
[Round "-"]
[White "baron1"]
[Black "smothered mate"]
[Result "1-0"]
[WhiteCountry "ENG"]
[BlackCountry "POL"]
[WhiteElo "2435"]
[WhiteRD "103"]
[BlackElo "1982"]
[BlackRD "55"]
[GameID "322848"]

1. d4 d5 2. c4 e6 3. Nf3 c5 4. cxd5 exd5 5. g3 c4 6. Bg2 Bb4+ 7. Bd2 Bxd2+ 8. Qxd2 Ne7 9. O-O Nbc6 10. Nc3 O-O
11. Ne5 Be6 12. Nxc6 bxc6 13. b3 cxb3 14. axb3 Qb6 15. Na4 Qxb3 16. Rfb1 Qc4 17. Nb2
1-0

[Event "Another KO"]
[Site "SchemingMind.com"]
[Date "2013.03.01"]
[Round "-"]
[White "Lastcafe"]
[Black "baron1"]
[Result "1/2-1/2"]
[WhiteCountry "THA"]
[BlackCountry "ENG"]
[WhiteElo "2215"]
[WhiteRD "99"]
[BlackElo "2346"]
[BlackRD "93"]
[GameID "327837"]

1. d4 d5 2. c4 c6 3. Nc3 Nf6 4. cxd5 cxd5 5. Nf3 Nc6 6. Bf4 e6 7. e3 Bd6 8. Bxd6 Qxd6 9. Bd3 O-O 10. O-O Bd7
11. Qe2 Rfc8 12. Rac1 Be8 13. a3 a6 14. Rc2 Rc7 15. Rfc1 Rac8 16. e4 dxe4 17. Nxe4 Nxe4 18. Bxe4 Nd8 19. Qe3 Rxc2 20. Bxc2 Nc6
21. Be4 Rd8 22. h3 h6 23. Qc3 Kf8 24. b4 Nxd4 25. Nxd4 Qxd4 26. Bxb7 Qxc3 27. Rxc3 Bb5 28. g4 Rd6 29. Kh2 Ke7 30. Be4 Rd4
31. f3 Kd6 32. Rc8 Ke5 33. Kg3 Rc4 34. Rg8 f5 35. gxf5 exf5 36. Bd3 f4+ 37. Kg2 Rc7 38. Bxb5 axb5 39. h4 Kd4 40. h5 Rc2+
41. Kh3 Ke3=
1/2-1/2